| 000 | 00571nam a2200193 a 4500 | ||
|---|---|---|---|
| 005 | 20240924070430.0 | ||
| 008 | 991125s1990 mx 000 0 spa u | ||
| 020 | _a8475096212 | ||
| 035 | _aUPN01000006315 | ||
| 049 | _aCG | ||
| 050 | 4 |
_aTR650 _bB3.48 |
|
| 100 | 1 |
_aBarthes, Roland, _d1915-1980 |
|
| 245 | 1 | 3 |
_aLa cámara lúcida : _bnota sobre la fotografía / _cRoland Barthes ; tr. Joaquín Sala-Lanahuja. |
| 260 |
_aMéxico : _bPaidós, _c1990. |
||
| 300 |
_a207 p. : _bil. |
||
| 440 | 0 |
_aPaidós comunicación ; _v43 |
|
| 650 | 4 |
_aFotografía _918767 |
|
| 905 | _aLibro | ||
| 999 |
_c6315 _d6315 |
||